[Event "Oberliga Nord W 2122"]
[Site "Germany"]
[Date "2022.04.24"]
[Round "5.8"]
[White "Heinemann, Ernst"]
[Black "Sreyas, Payyappat"]
[Result "1/2-1/2"]
[WhiteElo "2123"]
[BlackElo "2169"]
[PlyCount "107"]
[EventDate "2021.10.10"]
[EventType "team-tourn"]
[EventRounds "9"]
[EventCountry "GER"]
[SourceTitle "EXT 2023"]
[Source "ChessBase"]
[SourceDate "2022.10.05"]
[SourceVersion "1"]
[SourceVersionDate "2022.10.05"]
[SourceQuality "1"]
[WhiteTeam "Oldenburg Union"]
[BlackTeam "Lister Turm"]
[WhiteTeamCountry "GER"]
[BlackTeamCountry "GER"]

1. e4 c6 2. d4 d5 3. exd5 cxd5 4. Bd3 Nc6 5. c3 Qc7 6. Na3 a6 7. Nc2 e5 8. dxe5 Nxe5 9. h3 Bd6 10. Nf3 Nxd3+ 11. Qxd3 Nf6 12. 0-0 Be6 13. a4 0-0 14. Ncd4 Rfe8 15. Bg5 Ne4 16. Be3 Qd7 17. Nxe6 fxe6 18. c4 Nc5 19. Qd1 Qf7 20. cxd5 exd5 21. Rc1 Ne4 22. Qd4 Rac8 23. b4 Qf5 24. b5 axb5 25. axb5 Re6 26. Rfd1 b6 27. Qxb6 Bh2+ 28. Kxh2 Rxb6 29. Bxb6 Rb8 30. Bc7 Rb7 31. Bg3 h6 32. Nd4 Qd7 33. Rc2 h5 34. Rdc1 h4 35. Bxh4 Nd6 36. Bg3 Nxb5 37. Nxb5 Qxb5 38. Be5 Re7 39. f4 Rd7 40. Rc5 Qa4 41. Rc8+ Kh7 42. R8c7 Kg6 43. Rxd7 Qxd7 44. Rc7 Qd8 45. g4 d4 46. Rc6+ Kh7 47. Rd6 Qa8 48. Rxd4 Qf3 49. Rd2 Qe3 50. Rb2 g5 51. Rb7+ Kg8 52. Rg7+ Kf8 53. Rxg5 Qf2+ 54. Kh1 1/2-1/2

[Event "Paderborn op 16th"]
[Site "Paderborn"]
[Date "2019.12.27"]
[Round "2"]
[White "Orlov, Andrey"]
[Black "Heinemann, Ernst"]
[Result "1-0"]
[WhiteElo "2506"]
[BlackElo "2086"]
[PlyCount "89"]
[EventDate "2019.12.27"]
[EventType "swiss"]
[EventRounds "7"]
[EventCountry "GER"]
[SourceTitle "CBM 194 Extra"]
[Source "ChessBase"]
[SourceDate "2020.03.31"]
[SourceVersion "1"]
[SourceVersionDate "2020.03.31"]
[SourceQuality "1"]

1. e4 c5 2. Nf3 Nf6 3. e5 Nd5 4. Nc3 e6 5. Nxd5 exd5 6. d4 Nc6 7. dxc5 Bxc5 8. Bd3 d6 9. exd6 Bxd6 10. 0-0 0-0 11. h3 h6 12. c3 Qf6 13. Re1 Bf5 14. Bxf5 Qxf5 15. Be3 Rfe8 16. Qd2 Rad8 17. Rad1 Bb8 18. Qd3 Qc8 19. Bd4 a6 20. Bb6 Rd6 21. Bc5 Rde6 22. Qxd5 Rd8 23. Qh5 Rxd1 24. Rxd1 Ne5 25. Bd4 Ng6 26. g3 Re8 27. Qg4 Qc6 28. Re1 Rxe1+ 29. Nxe1 Be5 30. Nf3 Bxd4 31. Nxd4 Qd5 32. Qf3 Qd7 33. Qf5 Qc7 34. Qd5 Ne5 35. Nf5 Nc6 36. h4 Ne5 37. Nd6 Nc6 38. Nf5 Qb6 39. b3 Qc7 40. c4 h5 41. a3 g6 42. Nd6 Qe7 43. b4 Qf6 44. c5 Nd8 45. Nxb7 1-0

[Event "Oberliga Nord W 1819"]
[Site "Germany"]
[Date "2019.04.07"]
[Round "9.7"]
[White "Heinemann, Ernst"]
[Black "Krueger, Robin Kevin"]
[Result "1/2-1/2"]
[WhiteElo "2104"]
[BlackElo "1970"]
[PlyCount "52"]
[EventDate "2018.10.21"]
[EventType "team-tourn"]
[EventRounds "9"]
[EventCountry "GER"]
[SourceTitle "EXT 2020"]
[Source "ChessBase"]
[SourceDate "2019.10.17"]
[SourceVersion "1"]
[SourceVersionDate "2019.10.17"]
[SourceQuality "1"]
[WhiteTeam "Oldenburg Union"]
[BlackTeam "Tostedt"]
[WhiteTeamCountry "GER"]
[BlackTeamCountry "GER"]

1. e4 e5 2. Nc3 Nf6 3. f4 d5 4. fxe5 Nxe4 5. Qf3 Nc6 6. Bb5 Nxc3 7. dxc3 Qh4+ 8. g3 Qe7 9. Ne2 Bd7 10. Bxc6 Bxc6 11. Nd4 Bd7 12. 0-0 0-0-0 13. Qxf7 Qxe5 14. Bf4 Qe7 15. Qxe7 Bxe7 16. Be5 Rhg8 17. Rf7 Bc5 18. Raf1 Rde8 19. Rxg7 Rxg7 20. Bxg7 Bh3 21. Rf4 Re2 22. b4 Rg2+ 23. Kh1 Rd2 24. Kg1 Rg2+ 25. Kh1 Rd2 26. Kg1 Rg2+ 1/2-1/2

[Event "Oberliga Nord W 1819"]
[Site "Germany"]
[Date "2018.10.21"]
[Round "1.8"]
[White "Heinemann, Ernst"]
[Black "Meijerink, Juergen"]
[Result "0-1"]
[WhiteElo "2104"]
[BlackElo "1982"]
[PlyCount "108"]
[EventDate "2018.10.21"]
[EventType "team-tourn"]
[EventRounds "9"]
[EventCountry "GER"]
[SourceTitle "EXT 2020"]
[Source "ChessBase"]
[SourceDate "2019.10.17"]
[SourceVersion "1"]
[SourceVersionDate "2019.10.17"]
[SourceQuality "1"]
[WhiteTeam "Oldenburg Union"]
[BlackTeam "Nordhorn Blanke"]
[WhiteTeamCountry "GER"]
[BlackTeamCountry "GER"]

1. e4 d6 2. Nc3 Nf6 3. d4 e5 4. Nf3 exd4 5. Nxd4 Be7 6. Be2 0-0 7. 0-0 Re8 8. Bf4 Bf8 9. Bf3 Nbd7 10. Bg3 a6 11. a4 Ne5 12. Be2 c5 13. Nb3 Be6 14. Nxc5 Bc4 15. Nd3 Qc8 16. Nxe5 dxe5 17. Bxc4 Qxc4 18. Qf3 Bb4 19. Bh4 Bxc3 20. Bxf6 Bxb2 21. Qg4 g6 22. Rab1 Re6 23. Rxb2 Rxf6 24. Rxb7 Qxa4 25. Rd1 Qxc2 26. Rf1 Rf4 27. Qd7 Qxe4 28. Rc7 Qe2 29. Rc5 Rb8 30. Rc8+ Rxc8 31. Qxc8+ Kg7 32. Qc5 Rd4 33. g3 Rd1 34. Rxd1 Qxd1+ 35. Kg2 Qa1 36. h4 h5 37. Qc8 a5 38. g4 Qd4 39. gxh5 gxh5 40. f3 a4 41. Qf5 Qd2+ 42. Kh3 Qf4 43. Qd3 e4 44. fxe4 Qg4+ 45. Kh2 Qxh4+ 46. Kg2 Qg4+ 47. Kh1 Kg8 48. Qd8+ Kh7 49. Qd3 Qg6 50. Kh2 h4 51. Qc4 a3 52. Qd5 Qg3+ 53. Kh1 Qf3+ 54. Kh2 h3 0-1

[Event "Heusenstamm Sparkassen op-A 4th"]
[Site "Heusenstamm"]
[Date "2017.11.24"]
[Round "3"]
[White "Musiolik, David"]
[Black "Heinemann, Ernst"]
[Result "1-0"]
[WhiteElo "1958"]
[BlackElo "2157"]
[PlyCount "99"]
[EventDate "2017.11.23"]
[EventType "swiss"]
[EventRounds "7"]
[EventCountry "GER"]
[SourceTitle "EXT 2019"]
[Source "ChessBase"]
[SourceDate "2018.10.10"]
[SourceVersion "1"]
[SourceVersionDate "2018.10.10"]
[SourceQuality "1"]

1. e4 d5 2. exd5 Nf6 3. Nc3 g6 4. d4 Bg7 5. Bc4 Nbd7 6. Nf3 0-0 7. 0-0 Nb6 8. Bb3 Nbxd5 9. Nxd5 Nxd5 10. Re1 c6 11. h3 b5 12. Qe2 e6 13. Bd2 Qb6 14. Bxd5 cxd5 15. Bb4 Rd8 16. Bc5 Qb7 17. Ne5 Bd7 18. a3 Be8 19. Qd2 a5 20. Nd3 Rdc8 21. Qf4 Qc7 22. Qxc7 Rxc7 23. f4 Rcc8 24. Kf2 Bf8 25. b4 a4 26. g4 Bg7 27. Kf3 Bd7 28. Re2 Re8 29. h4 f5 30. g5 Rec8 31. h5 Ra6 32. Rh1 Be8 33. h6 Bf8 34. Bxf8 Kxf8 35. Nc5 Rd6 36. Nxe6+ Kf7 37. Nc5 Bc6 38. Rhe1 Re8 39. Nb7 Rxe2 40. Nxd6+ Ke6 41. Rxe2+ Kxd6 42. Re3 Bd7 43. Rc3 Bc6 44. Rc5 Bd7 45. Ke3 Bc6 46. c4 dxc4 47. d5 Be8 48. Rc8 Kd7 49. Rb8 Ke7 50. d6+ 1-0

[Event "Korbach op 9th"]
[Site "Korbach"]
[Date "2017.10.22"]
[Round "7"]
[White "Heinemann, Ernst"]
[Black "Dijkhuis, Oele"]
[Result "1/2-1/2"]
[WhiteElo "2099"]
[BlackElo "2035"]
[PlyCount "27"]
[EventDate "2017.10.19"]
[EventType "swiss"]
[EventRounds "7"]
[EventCountry "GER"]
[SourceTitle "CBM 181 Extra"]
[Source "ChessBase"]
[SourceDate "2017.12.12"]
[SourceVersion "1"]
[SourceVersionDate "2017.12.12"]
[SourceQuality "1"]

1. e4 c5 2. Nf3 d6 3. Bb5+ Nd7 4. c3 a6 5. Ba4 b5 6. Bc2 Ngf6 7. d3 e6 8. 0-0 Be7 9. h3 Bb7 10. Re1 0-0 11. Nbd2 h6 12. Nf1 Ne5 13. Nxe5 dxe5 14. Qe2 1/2-1/2

[Event "Korbach op 9th"]
[Site "Korbach"]
[Date "2017.10.22"]
[Round "6"]
[White "Heinemann, Ernst"]
[Black "Maiwald, Harald"]
[Result "1-0"]
[WhiteElo "2099"]
[BlackElo "2014"]
[PlyCount "109"]
[EventDate "2017.10.19"]
[EventType "swiss"]
[EventRounds "7"]
[EventCountry "GER"]
[SourceTitle "CBM 181 Extra"]
[Source "ChessBase"]
[SourceDate "2017.12.12"]
[SourceVersion "1"]
[SourceVersionDate "2017.12.12"]
[SourceQuality "1"]

1. e4 c5 2. Nf3 Nc6 3. Bb5 g6 4. 0-0 Bg7 5. c3 Nf6 6. e5 Nd5 7. d4 cxd4 8. cxd4 0-0 9. Nc3 Nc7 10. Bf4 Nxb5 11. Nxb5 Qb6 12. a4 a6 13. Na3 d5 14. exd6 Bg4 15. d5 Bxf3 16. gxf3 exd6 17. dxc6 bxc6 18. Rb1 d5 19. b4 Rfe8 20. Qd3 Bf8 21. Nc2 Rad8 22. Ne3 Bxb4 23. a5 Qxa5 24. Ng4 Re6 25. Nh6+ Kf8 26. Qd4 Bc3 27. Qa7 Re7 28. Rb7 Bb4 29. Bc7 Bc5 30. Bxa5 Bxa7 31. Rxe7 Kxe7 32. Bxd8+ Kxd8 33. Ra1 Kd7 34. Rxa6 Bd4 35. Ng4 Kd6 36. Kf1 Kc5 37. Ne3 Kb5 38. Ra8 Be5 39. h3 d4 40. Re8 f6 41. Ng4 Bf4 42. Nxf6 c5 43. Ke2 c4 44. Ne4 d3+ 45. Kd1 Kb4 46. Re7 c3 47. Nxc3 Kxc3 48. Rxh7 Kd4 49. Rd7+ Kc3 50. Rf7 g5 51. h4 Kd4 52. h5 Ke5 53. h6 Ke6 54. Rxf4 gxf4 55. h7 1-0

[Event "Korbach op 9th"]
[Site "Korbach"]
[Date "2017.10.21"]
[Round "4"]
[White "Heinemann, Ernst"]
[Black "Van der Meiden, Dirk"]
[Result "1/2-1/2"]
[WhiteElo "2099"]
[BlackElo "1958"]
[PlyCount "132"]
[EventDate "2017.10.19"]
[EventType "swiss"]
[EventRounds "7"]
[EventCountry "GER"]
[SourceTitle "CBM 181 Extra"]
[Source "ChessBase"]
[SourceDate "2017.12.12"]
[SourceVersion "1"]
[SourceVersionDate "2017.12.12"]
[SourceQuality "1"]

1. e4 Nf6 2. Nc3 e5 3. f4 d5 4. fxe5 Nxe4 5. Qf3 Nxc3 6. dxc3 Be7 7. Bd3 c6 8. Ne2 Nd7 9. Bf4 Nc5 10. 0-0 Nxd3 11. cxd3 0-0 12. Qe3 Be6 13. b3 Qd7 14. Qg3 Rfe8 15. Bh6 Bf8 16. Rae1 Bg4 17. Bg5 Bxe2 18. Rxe2 d4 19. c4 f5 20. Ref2 g6 21. h4 Bg7 22. Bf4 Re6 23. Re2 Rae8 24. Rfe1 Qe7 25. Bg5 Qc5 26. Bf4 h6 27. Kf1 Qe7 28. Kg1 Kh7 29. Kh1 Qd8 30. Qh3 Kg8 31. Kg1 Bf6 32. h5 Bg5 33. Bxg5 Qxg5 34. hxg6 Kg7 35. Qf3 Kxg6 36. b4 Qg4 37. Qxg4+ fxg4 38. g3 Kg5 39. Re4 h5 40. Kg2 b6 41. c5 bxc5 42. bxc5 Rd8 43. R1e2 Rd5 44. Kf2 Rxc5 45. Rxd4 Rcxe5 46. Rxe5+ Rxe5 47. Ra4 Rf5+ 48. Kg2 Rc5 49. Rxa7 Rc2+ 50. Kg1 h4 51. Rg7+ Kf5 52. Rf7+ Ke5 53. Rf4 Rxa2 54. Re4+ Kf5 55. gxh4 Rd2 56. Rc4 Rxd3 57. Rxc6 Kf4 58. Rc1 Kg3 59. h5 Rd6 60. h6 Rxh6 61. Rc3+ Kh4 62. Kg2 Ra6 63. Rc2 Ra4 64. Rb2 Ra3 65. Rc2 Rg3+ 66. Kh2 Ra3 1/2-1/2

[Event "Wiesbaden op 28th"]
[Site "Wiesbaden"]
[Date "2016.08.28"]
[Round "6"]
[White "Heinemann, Ernst"]
[Black "Stork, Oliver"]
[Result "1/2-1/2"]
[WhiteElo "2177"]
[BlackElo "1990"]
[PlyCount "102"]
[EventDate "2016.08.25"]
[EventType "swiss"]
[EventRounds "7"]
[EventCountry "GER"]
[SourceTitle "CBM 174 Extra"]
[Source "ChessBase"]
[SourceDate "2016.10.10"]
[SourceVersion "1"]
[SourceVersionDate "2016.10.10"]
[SourceQuality "1"]

1. e4 c6 2. d4 d5 3. Nc3 dxe4 4. Nxe4 Bf5 5. Ng3 Bg6 6. h4 h6 7. Bc4 e6 8. N1e2 Nf6 9. Nf4 Bh7 10. 0-0 Bd6 11. c3 Nbd7 12. Bxe6 fxe6 13. Nxe6 Qa5 14. Nxg7+ Kf7 15. N7h5 Qd5 16. Bf4 Nxh5 17. Bxd6 Qxd6 18. Qxh5+ Bg6 19. Qd1 Rhf8 20. Re1 b6 21. Ne4 Bxe4 22. Rxe4 Nf6 23. Re5 Rae8 24. Qe2 c5 25. Re1 cxd4 26. Qc4+ Kg7 27. cxd4 Ng4 28. Qc3 Nxe5 29. dxe5 Qe6 30. Re3 Qf5 31. e6+ Qf6 32. e7 Rf7 33. Rg3+ Kh8 34. Qd2 Rexe7 35. Rf3 Qe6 36. Re3 Qd7 37. Rd3 Qe6 38. Re3 Rd7 39. Qc3+ Qf6 40. Re8+ Kh7 41. Qc2+ Qf5 42. Qe2 Qf6 43. Qe4+ Qf5 44. Qe2 Qd5 45. Qc2+ Qd3 46. Qc8 Qb1+ 47. Kh2 Qxb2 48. Rg8 Qe5+ 49. Rg3 Rg7 50. Qc2+ Kh8 51. Qc8+ Kh7 1/2-1/2

[Event "Paderborn op 11th"]
[Site "Paderborn"]
[Date "2014.12.28"]
[Round "3"]
[White "Stets, Dmitry"]
[Black "Heinemann, Ernst"]
[Result "1-0"]
[WhiteElo "2381"]
[BlackElo "2099"]
[PlyCount "55"]
[EventDate "2014.12.27"]
[EventType "swiss"]
[EventRounds "7"]
[EventCountry "GER"]
[SourceTitle "CBM 164 Extra"]
[Source "ChessBase"]
[SourceDate "2015.03.02"]
[SourceVersion "1"]
[SourceVersionDate "2015.03.02"]
[SourceQuality "1"]

1. e4 c6 2. d4 d5 3. exd5 cxd5 4. c4 Nf6 5. Nc3 g6 6. cxd5 Bg7 7. Bc4 0-0 8. Nge2 Nbd7 9. Nf4 Nb6 10. Bb3 Bg4 11. f3 Bd7 12. 0-0 Nc8 13. Nd3 Nd6 14. Be3 Rc8 15. Bf2 Nb5 16. Re1 Nxc3 17. bxc3 Bb5 18. Rc1 Bc4 19. Bxc4 Rxc4 20. Qb3 Rc7 21. c4 b6 22. Ne5 Re8 23. Rcd1 Nh5 24. c5 Bxe5 25. Rxe5 Nf6 26. c6 Rf8 27. Rde1 Ne8 28. Bh4 1-0